• 首页
  • 本馆介绍
  • 公告通知
  • 最新文献
  • 馆藏检索
  • 电子资源
  • 读者导购
  • 参考咨询
  • 我的图书馆
  • 登录
  • 详细信息显示
  • 放入我的书架
  • 预约/预借图书
  • 作者相关作品
  • 分类相关作品
  • 丛书相关作品
  • 出版社相关作品

书目信息

  • 表格格式
  • 工作单格式
  • 卡片格式
题名:
孟子:慷慨人生
    
 
作者: 王耀辉 著
分册:  
出版信息: 武汉   长江文艺出版社  1993
页数: 223页
开本: 19cm
丛书名: 中国圣贤人生丛书
单 册:
中图分类: B222.55 , B22
科图分类:
主题词:
电子资源:
ISBN: 7-5354-1144-4
000 00856nam2 2200265 45
001 1156532757
005 20110927154525.37
010    @a7-5354-1144-4@dCNY9.00
100    @a19940614d1993 em y0chiy0121 ea
101 0  @achi
102    @aCN@b420000
105    @ay z 000yy
200 10 @a孟子:慷慨人生@AMENG ZI : KANG KAI REN SHENG@f王耀辉著@FWANG YAO HUI ZHU
210    @a武汉@c长江文艺出版社@d1993
215    @a223页@d19cm
225 2  @a中国圣贤人生丛书@f洪 质主编
330    @a本书介绍了孟子的政治、社会理想,以及他关于世事人生、个人修养等学说,分为修性、处世、立身、明智、行事、治世6篇。
410  0 @120010@a中国圣贤人生丛书
540 1  @a孟子 人生@AMENG ZI REN SHENG
600  0 @a孟轲@x思想评论
690    @aB222.55@v三版
690    @aB22@v4
701  0 @a王耀辉@AWANG YAO HUI@4著
801  0 @aCN@bTSSF@c19940614
905    @a10447@dB22@eJY2
    
    孟子:慷慨人生/王耀辉著.-武汉:长江文艺出版社,1993
    223页;19cm.-(中国圣贤人生丛书/洪 质主编)
    
    
    ISBN 7-5354-1144-4:CNY9.00
    本书介绍了孟子的政治、社会理想,以及他关于世事人生、个人修养等学说,分为修性、处世、立身、明智、行事、治世6篇。
●
相关链接 在E读中查询图书 在五车中查询图书 在当当中查询图书 在豆瓣中查询图书


正题名:孟子:慷慨人生     索取号:B22/JY2         预约/预借

序号 登录号 条形码 馆藏地/架位号 状态 备注
1 7824306   278243063   学院路分馆/ [索取号:B22/JY2] 在馆    
2 7824307   278243072   学院路分馆/ [索取号:B22/JY2] 在馆    
3 7824308   278243081   学院路分馆/ [索取号:B22/JY2] 在馆    
4 7824309   278243090   学院路分馆/ [索取号:B22/JY2] 在馆    
唐山师范学院图书馆 欢迎您!
大连网信软件有限公司© 版权所有